LEADER 00746nam a2200205 i 4500 001 000000160226 003 CaOOAMICUS 005 20070315000000.0 008 070315s2006 it u000 u ita u 013 $a137589 020 $a88-452-5769-X 040 $aSeMil$bita 245 10$aDom-Fic. 300 $aX, P. 3055-4096. 773 0 $tEnciclopedia filosofica.$dGallarate : Fondazione centro studi filosofici, 2006.$bnuova ed. interamente riveduta e ampliata.$gVol.4$w()15812 850 $aSeMil 852 $aSeMil$W1$xVenegono$y1$mSL1.N II 50$j258000$B111702$CSeMilBibl$Z2$F121666 $8I 961 $aOmaggio: Cecchetto Fiorenza 996 $6020$a88-452-5769-X$9(OLS)http://semarc/number/75962 996 $6245$aDom-Fic$9(OLS)http://semarc/title/142715 LEADER 00852nam a2200217 4500 001 000000353318 003 CaOOAMICUS 005 20230502153246.0 008 230330s1948 it 000 u ita r 040 $aSeMil$bita 100 1 $aZerbi, Tommaso.$0(OLS)http://semarc/name/14500 245 10$aLuigi Luzzatti / $cTommaso Zerbi. 264 1$aRoma :$bBancaria,$c1952. 300 $a21 p. ;$c22 cm 500 $aEstratto da: Bancaria, Rassegna dell'Associazione bancaria italiana, n. 10 - ottobre 1952 650 4$aLuzzatti, Luigi.$0(OLS)http://semarc/subject/31617 850 $aSeMil 852 $aSeMil$W1$xVenegono$y1$m5B III 7/30$j239072$B244536$CSeMilBibl$Z2$F244536 $81 996 $6245$aLuigi Luzzatti / $9(OLS)http://semarc/title/443340 996 $6264$aRoma :$bBancaria$9(OLS)http://semarc/publisher/35777